[Event "RUS-chT blitz (Women)"]
[Site "Sochi"]
[Date "2018.10.10"]
[Round "2.2"]
[White "Girshgorn, Maria"]
[Black "Chernyak, Viktoria"]
[Result "0-1"]
[WhiteElo "1949"]
[BlackElo "2200"]
[PlyCount "66"]
[EventDate "2018.10.10"]
[EventType "team-swiss (blitz)"]
[EventRounds "13"]
[EventCountry "RUS"]
[SourceTitle "CBM 186 Extra"]
[Source "ChessBase"]
[SourceDate "2018.08.24"]
[SourceVersion "1"]
[SourceVersionDate "2018.08.24"]
[SourceQuality "1"]
[WhiteTeam "Karpov Chess School (W) II"]
[BlackTeam "St Petersburg SShOR (W)"]
[WhiteTeamCountry "RUS"]
[BlackTeamCountry "RUS"]

1. Nf3 d5 2. g3 Nf6 3. Bg2 c5 4. 0-0 e6 5. d4 cxd4 6. Nxd4 Be7 7. c4 dxc4 8. Nc3 0-0 9. Bg5 a6 10. e3 Ra7 11. a4 Bd7 12. Qe2 Qc7 13. Rac1 Qa5 14. Qxc4 Qxg5 15. b4 h5 16. h4 Qg6 17. Nce2 Ng4 18. Nf4 Qh6 19. b5 axb5 20. axb5 e5 21. Nd5 Ba3 22. Ra1 exd4 23. Qb3 Bc5 24. Rxa7 Bxa7 25. b6 Bxb6 26. Nxb6 dxe3 27. fxe3 Qxe3+ 28. Qxe3 Nxe3 29. Re1 Nxg2 30. Kxg2 Bc6+ 31. Kf2 Re8 32. Rc1 g6 33. Ra1 Nd7 0-1

[Event "RUS-chT blitz (Women)"]
[Site "Sochi"]
[Date "2018.10.10"]
[Round "4.3"]
[White "Girshgorn, Maria"]
[Black "Zavivaeva, Evelina"]
[Result "1-0"]
[WhiteElo "1949"]
[BlackElo "1323"]
[PlyCount "107"]
[EventDate "2018.10.10"]
[EventType "team-swiss (blitz)"]
[EventRounds "13"]
[EventCountry "RUS"]
[SourceTitle "CBM 186 Extra"]
[Source "ChessBase"]
[SourceDate "2018.08.24"]
[SourceVersion "1"]
[SourceVersionDate "2018.08.24"]
[SourceQuality "1"]
[WhiteTeam "Karpov Chess School (W) II"]
[BlackTeam "Nizhny Novgorod FShNO (W)"]
[WhiteTeamCountry "RUS"]
[BlackTeamCountry "RUS"]

1. Nf3 Nc6 2. g3 e5 3. Bg2 d5 4. d3 Nf6 5. 0-0 Bf5 6. Nbd2 Bd6 7. c4 e4 8. Nh4 Be6 9. dxe4 dxe4 10. Nxe4 Nxe4 11. Bxe4 Bxc4 12. Nf5 0-0 13. Qc2 Be6 14. Nxd6 Qxd6 15. Bxh7+ Kh8 16. Bf4 Qd7 17. Rfd1 Qe7 18. Be4 Bd7 19. Bxc7 Rac8 20. Bd6 Qe8 21. Bxf8 Nb4 22. Qd2 Qxe4 23. Qxd7 Rxf8 24. Qd4 Qxd4 25. Rxd4 Nc2 26. Rh4+ Kg8 27. Rc1 Rc8 28. Rh5 g6 29. Rd5 Rc6 30. Rd2 Nb4 31. Rxc6 Nxc6 32. Rd7 a6 33. Rxb7 Kg7 34. Rb6 Nd4 35. Kf1 a5 36. Ra6 Nb5 37. Rxa5 Nc7 38. b4 Ne6 39. b5 Nc5 40. b6 Nb7 41. Ra7 Nc5 42. b7 Nxb7 43. Rxb7 Kf6 44. a4 Ke6 45. a5 Kd6 46. a6 Kc6 47. Rb1 Kc7 48. a7 Kd7 49. a8Q g5 50. Qd5+ Ke7 51. Rb7+ Kf6 52. Rxf7+ Kg6 53. Qe6+ Kh5 54. Rh7# 1-0

[Event "RUS-chT blitz (Women)"]
[Site "Sochi"]
[Date "2018.10.10"]
[Round "13.1"]
[White "Kovanova, Baira"]
[Black "Girshgorn, Maria"]
[Result "1-0"]
[WhiteElo "2350"]
[BlackElo "1949"]
[PlyCount "53"]
[EventDate "2018.10.10"]
[EventType "team-swiss (blitz)"]
[EventRounds "13"]
[EventCountry "RUS"]
[SourceTitle "CBM 186 Extra"]
[Source "ChessBase"]
[SourceDate "2018.08.24"]
[SourceVersion "1"]
[SourceVersionDate "2018.08.24"]
[SourceQuality "1"]
[WhiteTeam "Yugra (W)"]
[BlackTeam "Karpov Chess School (W) II"]
[WhiteTeamCountry "RUS"]
[BlackTeamCountry "RUS"]

1. Nf3 Nf6 2. g3 g6 3. Bg2 Bg7 4. 0-0 0-0 5. d3 d6 6. e4 Nbd7 7. Qe2 e5 8. Nh4 Nc5 9. h3 c6 10. Nc3 Bd7 11. f4 Ne6 12. f5 Nd4 13. Qf2 b5 14. Be3 b4 15. Nd1 c5 16. Qd2 Nh5 17. Kh2 Bf6 18. Nf3 gxf5 19. Nxd4 cxd4 20. Bh6 Bg7 21. exf5 Rb8 22. Bxg7 Nxg7 23. f6 Ne6 24. Qh6 Kh8 25. Be4 Ng5 26. Qxg5 Rg8 27. Qh6 1-0

[Event "RUS-chT rapid (Women)"]
[Site "Sochi"]
[Date "2018.10.08"]
[Round "1.3"]
[White "Girshgorn, Maria"]
[Black "Kovalevskaya, Ekaterina"]
[Result "0-1"]
[WhiteElo "1949"]
[BlackElo "2403"]
[PlyCount "72"]
[EventDate "2018.10.08"]
[EventType "team-tourn (rapid)"]
[EventRounds "9"]
[EventCountry "RUS"]
[SourceTitle "CBM 186 Extra"]
[Source "ChessBase"]
[SourceDate "2018.08.24"]
[SourceVersion "1"]
[SourceVersionDate "2018.08.24"]
[SourceQuality "1"]
[WhiteTeam "Karpov Chess School (W) II"]
[BlackTeam "Moscow Legacy Square (W)"]
[WhiteTeamCountry "RUS"]
[BlackTeamCountry "RUS"]

1. d4 Nf6 2. Nf3 c5 3. g3 cxd4 4. Nxd4 e5 5. Nf3 Nc6 6. Bg2 d5 7. 0-0 Be7 8. b3 0-0 9. Bb2 Qc7 10. Nbd2 Bf5 11. Rc1 Rad8 12. e3 Rfe8 13. Qe2 Bg4 14. h3 Bh5 15. g4 Bg6 16. Nh4 d4 17. Nxg6 hxg6 18. e4 Nb4 19. a3 Na2 20. Ra1 Nc3 21. Qd3 Nd7 22. Bxc3 dxc3 23. Nc4 Bc5 24. Ne3 Bxe3 25. Qxe3 Nf8 26. Rfd1 Ne6 27. Bf1 Nd4 28. Rac1 Rd6 29. g5 Nxc2 30. Qf3 Rxd1 31. Qxd1 Nd4 32. Bc4 c2 33. Qd3 Qe7 34. h4 Qxa3 35. Qe3 b5 36. Bf1 Rc8 0-1

[Event "RUS-chT rapid (Women)"]
[Site "Sochi"]
[Date "2018.10.08"]
[Round "3.3"]
[White "Girshgorn, Maria"]
[Black "Styazhkina, Anna"]
[Result "0-1"]
[WhiteElo "1949"]
[BlackElo "2268"]
[PlyCount "70"]
[EventDate "2018.10.08"]
[EventType "team-tourn (rapid)"]
[EventRounds "9"]
[EventCountry "RUS"]
[SourceTitle "CBM 186 Extra"]
[Source "ChessBase"]
[SourceDate "2018.08.24"]
[SourceVersion "1"]
[SourceVersionDate "2018.08.24"]
[SourceQuality "1"]
[WhiteTeam "Karpov Chess School (W) II"]
[BlackTeam "St Petersburg SShOR (W)"]
[WhiteTeamCountry "RUS"]
[BlackTeamCountry "RUS"]

1. d4 d5 2. Nf3 Nf6 3. g3 Bf5 4. Bg2 e6 5. 0-0 h6 6. c4 c6 7. Nc3 Nbd7 8. cxd5 exd5 9. Bf4 Be7 10. a3 0-0 11. b4 Ne4 12. Nxe4 Bxe4 13. Qb3 Bf6 14. Rfd1 Re8 15. e3 Qe7 16. b5 c5 17. Ra2 c4 18. Qc3 Rac8 19. a4 Qe6 20. Rc1 Be7 21. a5 g5 22. Bxg5 hxg5 23. a6 b6 24. Ne1 Bxg2 25. Nxg2 Nf6 26. Qc2 Qh3 27. f3 Kg7 28. Ne1 Bd6 29. Qg2 Qxg2+ 30. Nxg2 g4 31. f4 Bb4 32. Re2 Ne4 33. Rcc2 Nd6 34. Kf1 c3 35. Ne1 Nxb5 0-1

[Event "Minsk Kupreichik Memorial op"]
[Site "Minsk"]
[Date "2018.06.22"]
[Round "5"]
[White "Runets, Ivan"]
[Black "Girshgorn, Maria"]
[Result "1-0"]
[WhiteElo "2010"]
[BlackElo "1949"]
[PlyCount "147"]
[EventDate "2018.06.21"]
[EventType "swiss (rapid)"]
[EventRounds "11"]
[EventCountry "BLR"]
[SourceTitle "CBM 185 Extra"]
[Source "ChessBase"]
[SourceDate "2018.07.29"]
[SourceVersion "1"]
[SourceVersionDate "2018.07.29"]
[SourceQuality "1"]

1. d4 Nf6 2. Nf3 g6 3. Bf4 Bg7 4. e3 0-0 5. Be2 d6 6. h3 Nc6 7. 0-0 Nd7 8. c3 e5 9. Bh2 e4 10. Nfd2 Qe7 11. c4 f5 12. Nc3 Nf6 13. Qb3 Kh8 14. Rae1 g5 15. f3 Rb8 16. fxe4 fxe4 17. Qc2 g4 18. hxg4 Bxg4 19. Bxg4 Nxg4 20. Bg3 Nxd4 21. Qd1 Qe6 22. Ncxe4 Rxf1+ 23. Kxf1 Nf5 24. Bf4 Bh6 25. Bxh6 Nfxh6 26. b3 Rf8+ 27. Kg1 Qe5 28. g3 Qh5 29. Qe2 Qe5 30. Rf1 Rxf1+ 31. Kxf1 Qf5+ 32. Kg2 Nf7 33. Qf3 Qxf3+ 34. Kxf3 Nfe5+ 35. Ke2 Kg7 36. Nc3 Nf6 37. Nb5 Ne8 38. Nxa7 c6 39. Nc8 Nd7 40. Ne4 d5 41. cxd5 cxd5 42. Ned6 Nxd6 43. Nxd6 b6 44. a4 Nc5 45. Nc8 Nxb3 46. Nxb6 d4 47. exd4 Nxd4+ 48. Ke3 Nc6 49. Nc4 Kf6 50. Kf4 Ke6 51. Ke4 Kf6 52. Kd5 Na7 53. Ne3 h5 54. a5 Ke7 55. a6 Kd7 56. Kc5 Kc7 57. Nd5+ Kb8 58. Nf6 Nc8 59. Nxh5 Ka7 60. Kd5 Ne7+ 61. Ke6 Ng6 62. Kf6 Nf8 63. Nf4 Kxa6 64. Ne6 Nd7+ 65. Kf5 Kb6 66. g4 Kc6 67. g5 Kd6 68. g6 Ke7 69. Ng5 Nf6 70. g7 Ng8 71. Kg6 Nf6 72. Ne4 Ng8 73. Kh7 Kf7 74. Ng5+ 1-0

[Event "Moscow op-B (Women) 14th"]
[Site "Moscow"]
[Date "2018.02.03"]
[Round "8"]
[White "Vifleemskaia, Svetlana"]
[Black "Girshgorn, Maria"]
[Result "1/2-1/2"]
[WhiteElo "2035"]
[BlackElo "1877"]
[PlyCount "64"]
[EventDate "2018.01.27"]
[EventType "swiss"]
[EventRounds "9"]
[EventCountry "RUS"]
[SourceTitle "CBM 182 Extra"]
[Source "ChessBase"]
[SourceDate "2018.02.23"]
[SourceVersion "1"]
[SourceVersionDate "2018.02.23"]
[SourceQuality "1"]

1. d4 Nf6 2. c4 g6 3. Nc3 Bg7 4. e4 d6 5. Nge2 Nbd7 6. Ng3 e5 7. d5 a5 8. Be2 0-0 9. h4 h6 10. Be3 Nc5 11. Qd2 Kh7 12. f3 Ng8 13. h5 g5 14. Bd3 Ne7 15. Nf5 Re8 16. g4 Nxf5 17. gxf5 b6 18. Be2 Bd7 19. Kf2 Qe7 20. Qc2 Kg8 21. Rab1 Reb8 22. Rhg1 f6 23. Rh1 Be8 24. b3 Bf7 25. Kg3 Be8 26. Qd2 Bf8 27. Qe1 Bd7 28. Qd2 Be8 29. Qd1 Bd7 30. Qd2 Be8 31. Qd1 Bd7 32. Qd2 Be8 1/2-1/2

[Event "Moscow op-B (Women) 14th"]
[Site "Moscow"]
[Date "2018.01.30"]
[Round "4"]
[White "Girshgorn, Maria"]
[Black "Smbatyan, Qristine"]
[Result "1-0"]
[WhiteElo "1877"]
[BlackElo "1605"]
[PlyCount "55"]
[EventDate "2018.01.27"]
[EventType "swiss"]
[EventRounds "9"]
[EventCountry "RUS"]
[SourceTitle "CBM 182 Extra"]
[Source "ChessBase"]
[SourceDate "2018.02.23"]
[SourceVersion "1"]
[SourceVersionDate "2018.02.23"]
[SourceQuality "1"]

1. d4 Nf6 2. Nf3 e6 3. g3 b6 4. Bg2 Bb7 5. 0-0 Be7 6. c4 0-0 7. Nc3 c5 8. b3 Ne4 9. Bb2 d6 10. Qd3 Nxc3 11. Bxc3 f5 12. Rad1 Nd7 13. Qe3 Be4 14. dxc5 Nxc5 15. b4 Na4 16. Ba1 Kh8 17. Nd4 Qc8 18. f3 e5 19. fxe4 exd4 20. Bxd4 Qxc4 21. exf5 Rae8 22. Rc1 Qxb4 23. Bc6 Bg5 24. Bxg7+ Kxg7 25. Qxg5+ Kh8 26. Bxe8 Rxe8 27. Qf6+ Kg8 28. Rc7 1-0

[Event "Moscow op-B (Women) 13th"]
[Site "Moscow"]
[Date "2017.01.28"]
[Round "1"]
[White "Lysenko, Margarita"]
[Black "Girshgorn, Maria"]
[Result "1-0"]
[WhiteElo "2205"]
[BlackElo "1823"]
[PlyCount "79"]
[EventDate "2017.01.28"]
[EventType "swiss"]
[EventRounds "9"]
[EventCountry "RUS"]
[SourceTitle "EXT 2018"]
[Source "ChessBase"]
[SourceDate "2017.10.13"]
[SourceVersion "1"]
[SourceVersionDate "2017.10.13"]
[SourceQuality "1"]

1. d4 d5 2. Bf4 e6 3. e3 c5 4. c3 Nc6 5. Nf3 Nf6 6. Nbd2 Be7 7. Bd3 0-0 8. Ne5 cxd4 9. exd4 Nxe5 10. dxe5 Nd7 11. Qh5 f5 12. g4 Nc5 13. Bc2 d4 14. gxf5 d3 15. Bb3 Nxb3 16. axb3 Rxf5 17. Qg4 h5 18. Qg3 Qf8 19. Be3 h4 20. Qg6 Rxe5 21. Qxd3 Qf5 22. Qxf5 exf5 23. Nc4 Re6 24. Kd2 a6 25. Nb6 Rb8 26. Rhg1 Bd7 27. Bd4 Rd8 28. Rxg7+ Kf8 29. Rag1 Rd6 30. Rg8+ Kf7 31. R1g7+ Ke6 32. Rg6+ Kf7 33. R8g7+ Kf8 34. Rxd6 Bxd6 35. Nxd7+ Ke8 36. Nf6+ Kf8 37. Rg8+ Ke7 38. Nd5+ Kd7 39. Rxd8+ Kxd8 40. Bf6+ 1-0

[Event "RUS-chT rapid (Women)"]
[Site "Sochi"]
[Date "2016.10.05"]
[Round "4.1"]
[White "Ambartsumova, Karina"]
[Black "Girshgorn, Maria"]
[Result "1-0"]
[WhiteElo "2280"]
[BlackElo "1651"]
[PlyCount "119"]
[EventDate "2016.10.05"]
[EventType "team-tourn (rapid)"]
[EventRounds "7"]
[EventCountry "RUS"]
[SourceTitle "EXT 2017"]
[Source "ChessBase"]
[SourceDate "2016.10.25"]
[SourceVersion "1"]
[SourceVersionDate "2016.10.25"]
[SourceQuality "1"]
[WhiteTeam "Tatarstan Ladya (W)"]
[BlackTeam "Moscow Karpov School (W)"]
[WhiteTeamCountry "RUS"]
[BlackTeamCountry "RUS"]

1. e4 c6 2. d4 d5 3. exd5 cxd5 4. c4 Nf6 5. Nc3 Nc6 6. Bg5 g6 7. Nf3 Bg7 8. Bxf6 Bxf6 9. cxd5 Nb8 10. Bb5+ Bd7 11. Qb3 0-0 12. 0-0 Qb6 13. Rad1 a6 14. Bc4 Qxb3 15. Bxb3 Bg4 16. Ne4 Bxf3 17. Nxf6+ exf6 18. gxf3 Nd7 19. Rfe1 Rfe8 20. d6 Kf8 21. Rxe8+ Rxe8 22. Rc1 Rd8 23. Rc7 b6 24. Ra7 a5 25. Rb7 f5 26. Ba4 Nf6 27. Rxb6 Nd5 28. Ra6 Nb4 29. Rxa5 Rxd6 30. Bb3 Nc6 31. Ra6 Ke7 32. d5 Nd4 33. Ra7+ Kf6 34. Bc4 Nxf3+ 35. Kg2 Nd2 36. b3 h5 37. a4 Ne4 38. a5 Ke5 39. a6 Kd4 40. Rb7 Rd8 41. a7 Ra8 42. Rxf7 Nd6 43. Rc7 g5 44. Ba6 g4 45. Kg3 Ne4+ 46. Kf4 Nf6 47. Kxf5 Nxd5 48. Rd7 Kc5 49. Rxd5+ Kxd5 50. Bb7+ Kc5 51. Bxa8 Kb6 52. Kg5 Kxa7 53. Bd5 Kb6 54. Kxh5 g3 55. hxg3 Kc5 56. Bc4 Kd4 57. g4 Ke5 58. g5 Kf4 59. g6 Kf3 60. g7 1-0

[Event "RUS-chT U14 Girls"]
[Site "Sochi"]
[Date "2016.05.06"]
[Round "6.2"]
[White "Girshgorn, Maria"]
[Black "Gutkovich, Polina"]
[Result "1/2-1/2"]
[WhiteElo "1677"]
[BlackElo "1738"]
[PlyCount "82"]
[EventDate "2016.05.01"]
[EventType "team-tourn"]
[EventRounds "10"]
[EventCountry "RUS"]
[SourceTitle "EXT 2018"]
[Source "ChessBase"]
[SourceDate "2017.10.13"]
[SourceVersion "1"]
[SourceVersionDate "2017.10.13"]
[SourceQuality "1"]

1. d4 d5 2. c4 e6 3. Nc3 c6 4. e3 Nf6 5. Nf3 Nbd7 6. Qc2 Bd6 7. e4 dxe4 8. Nxe4 Nxe4 9. Qxe4 Nf6 10. Qc2 c5 11. dxc5 Bxc5 12. Bd3 Qc7 13. 0-0 Bd7 14. Bg5 Bc6 15. Qe2 Nd7 16. Rfd1 Bd6 17. h3 h6 18. Be3 0-0 19. Nd4 Ne5 20. Nxc6 Qxc6 21. Rac1 Nxd3 22. Rxd3 Rfd8 23. b3 a5 24. Rcd1 a4 25. c5 Bc7 26. Rxd8+ Rxd8 27. Rxd8+ Bxd8 28. Qg4 axb3 29. axb3 Kf8 30. Qc4 Bc7 31. Bf4 Bxf4 32. Qxf4 Qd5 33. Qb4 Ke8 34. Qb6 Kd7 35. b4 Qc6 36. Qa7 Qb5 37. Qa3 Qe2 38. Qc3 e5 39. b5 Qxb5 40. Qxe5 Qb1+ 41. Kh2 Qg6 1/2-1/2